000 00575nam a2200193Ia 4500
003 GCL
008 140319s9999 xx 000 0 ara d
040 _aGCL /
_cGCL
082 0 4 _a226
_bع ع
100 1 _aعبدالفتاح عاشور
245 1 0 _aعجائب علوم القران /
_cعبدالفتاح عاشور
260 _a[S.N] :
_bالزهراء للاعلام العربى ،
_c1977
300 _a318 ص
490 _a
650 0 4 _aالقران - الفاظ
650 0 4 _aالقران - احكام
650 0 4 _aالقران - علوم
942 _2ddc
_cBK
999 _c53371
_d53371